Statistiques concernant Les animaux et leur cri

Cliquez ici pour prendre le quiz!

Statistiques générales

  • Ce quiz a été pris 131 fois
    (110 depuis la dernière actualisation)
  • Le résultat moyen est 17 sur 44

Statistiques - réponses

AnimalCri% Correct
panthèrefeule
92%
chatmiaule
88%
moutonbêle
74%
lionrugit
71%
corbeaucroasse
71%
vachebeugle
68%
hyènericane
67%
louphurle
65%
pigeonroucoule
63%
canardcancane
62%
coqchante
62%
chouette, hibouhulule
60%
cheval,zèbrehennit
58%
chacalaboie
56%
ours | porcgrogne
56%
grenouille,crapaudcoasse
56%
éléphantbarrit
52%
perroquetjase
48%
cerfbrame
43%
piejacasse
40%
lièvrecouine
38%
renardglapit
37%
marmotte,merlesiffle
37%
rat,sourischicote
35%
dindonglougloute
35%
ânebrait
33%
perdrixcacabe
31%
pouleglousse
31%
chameaublatère
27%
crocodilelamente
13%
lapinclapit
8%
oiecacarde
6%
moineaupépie
6%
sangliergrommelle
5%
hirondelletrisse
4%
faisan,paoncriaille
4%
alouetteturlute
4%
jarsjargonne
2%
cigogneclaquette
2%
chauve-sourisgrince
2%
caillecacabe
2%
belettebelote
1%
bécassecroule
1%

Distribution des résultats

Percentile par nombre de réponses

% des personnes avec chaque résultat

Votre développement - résultats

Vous n’avez pas pris ce quiz depuis la dernière actualisation